Nicolas Grimaldi, L’effervescence du vide, Paris, Grasset, 2012, 169 p., 16 € (notice n° 1658089)

détails MARC
000 -LEADER
fixed length control field 01459cam a2200169 4500500
005 - DATE AND TIME OF LATEST TRANSACTION
control field 20260208010749.0
041 ## - LANGUAGE CODE
Language code of text/sound track or separate title fre
042 ## - AUTHENTICATION CODE
Authentication code dc
100 10 - MAIN ENTRY--PERSONAL NAME
Personal name Lorvellec, Yves
Relator term author
245 00 - TITLE STATEMENT
Title Nicolas Grimaldi, L’effervescence du vide, Paris, Grasset, 2012, 169 p., 16 €
260 ## - PUBLICATION, DISTRIBUTION, ETC.
Date of publication, distribution, etc. 2012.<br/>
500 ## - GENERAL NOTE
General note 39
520 ## - SUMMARY, ETC.
Summary, etc. RésuméSont éditées et présentées 24 lettres de Bergson à Salomon Reinach. Outre l’intérêt biographique de cette correspondance, on y trouve trois lettres au moins offrant un véritable intérêt philosophique : une présentation par Bergson de la philosophie de William James et deux lettres sur des aspects de sa propre philosophie, suscitées par la préparation et la parution des Lettres à Zoé.
520 ## - SUMMARY, ETC.
Summary, etc. New unpublished letters from Bergson to Salomon ReinachTwenty-four letters from Bergson to Salomon Reinach are edited and presented here. Besides the biographical interest of this correspondence, at least three letters offer a real philosophical interest: a presentation by Bergson of William James’s philosophy and two letters on aspects of his own philosophy, prompted by the preparation and the publication of Lettres à Zoé, a book on history of philosophy by Reinach.
786 0# - DATA SOURCE ENTRY
Note Revue philosophique de la France et de l'étranger | 137 | 2 | 2012-06-12 | p. 241j-255j | 0035-3833
856 41 - ELECTRONIC LOCATION AND ACCESS
Uniform Resource Identifier <a href="https://shs.cairn.info/revue-philosophique-2012-2-page-241j?lang=fr&redirect-ssocas=7080">https://shs.cairn.info/revue-philosophique-2012-2-page-241j?lang=fr&redirect-ssocas=7080</a>

Pas d'exemplaire disponible.

PLUDOC

PLUDOC est la plateforme unique et centralisée de gestion des bibliothèques physiques et numériques de Guinée administré par le CEDUST. Elle est la plus grande base de données de ressources documentaires pour les Étudiants, Enseignants chercheurs et Chercheurs de Guinée.

Adresse

627 919 101/664 919 101

25 boulevard du commerce
Kaloum, Conakry, Guinée

Réseaux sociaux

Powered by Netsen Group @ 2025